|
|
|
|
| LEADER |
00000naa2a2200000 4500 |
| 001 |
383119 |
| 005 |
20231101063055.0 |
| 035 |
|
|
|a (RuTPU)RU\TPU\prd\8302
|
| 090 |
|
|
|a 383119
|
| 100 |
|
|
|a 20021112a2002 k y0rusy50 ca
|
| 101 |
0 |
|
|a rus
|
| 102 |
|
|
|a RU
|
| 200 |
1 |
|
|a Зонирование техногенных воздействий по ореолам загрязнения снегового покрова
|f Л. Н. Скрипальщикова, В. И. Харук, А. П. Яхимович и др.
|
| 320 |
|
|
|a Библиогр.: 13 назв.
|
| 461 |
|
1 |
|0 (RuTPU)RU\TPU\prd\1754
|x 0869-8619
|t Сибирский экологический журнал
|o научный журнал
|f Российская академия наук (РАН), Сибирское отделение (СО)
|d 1995-
|
| 463 |
|
1 |
|0 (RuTPU)RU\TPU\prd\6329
|t № 1
|v С. 95-100
|d 2002
|
| 610 |
1 |
|
|a техногенные воздействия
|
| 610 |
1 |
|
|a снеговой покров
|
| 610 |
1 |
|
|a загрязнения
|
| 610 |
1 |
|
|a тяжёлые металлы
|
| 610 |
1 |
|
|a антропогенное воздействие
|
| 610 |
1 |
|
|a промышленность
|
| 675 |
|
|
|a 528
|v 3
|
| 675 |
|
|
|a 630*587.2
|v 3
|
| 675 |
|
|
|a 504.3.054:504.75
|v 3
|
| 701 |
|
1 |
|a Скрипальщикова
|b Л. Н.
|
| 701 |
|
1 |
|a Харук
|b В. И.
|
| 701 |
|
1 |
|a Яхимович
|b А. П.
|
| 701 |
|
1 |
|a Лопатин
|b А. П.
|
| 701 |
|
1 |
|a Грешилова
|b Н. В.
|
| 701 |
|
1 |
|a Страшников
|b А. В.
|
| 801 |
|
1 |
|a RU
|b 63413507
|c 20021112
|g PSBO
|
| 801 |
|
2 |
|a RU
|b 63413507
|c 20131209
|g PSBO
|
| 942 |
|
|
|c BK
|